000 05957namaa22004451i 4500
003 EG-GICUC
005 20260412113514.0
008 260328s2025 ua a|||frm||| 000 0 eng d
040 _aEG-GICUC
_beng
_cEG-GICUC
_dEG-GICUC
_erda
041 0 _aeng
_beng
_bara
049 _aDeposit
082 0 4 _a615.82
092 _a615.82
_221
097 _aM.Sc
099 _aCai01.21.07.M.Sc.2025.Ha.M
100 0 _aHagar Mohammed Hashem El garahy,
_epreparation.
245 1 0 _aMicroporous tape and post- surgical scars /
_cby Hagar Mohammed Hashem El garahy ; Supervisors Prof. Dr. Mohamed Mahmoud Khalaf, Prof Dr. Shadi Awny Hasan, Prof Dr. Karim Ibrahim Saafan.
246 1 5 _aلاصق ميكروبى المسام وندبات مابعد العمليات الجراحية
264 0 _c2025.
300 _a72 pages :
_billustrations ;
_c25 cm. +
_eCD.
336 _atext
_2rda content
337 _aUnmediated
_2rdamedia
338 _avolume
_2rdacarrier
502 _aThesis (M.Sc)-Cairo University, 2025.
504 _aBibliography: pages 58-69.
520 3 _aBackground: Scar tissue develops during the healing process after trauma or surgery, when fibrous tissue replaces the normal skin. Patients may experience discontent due to abnormal scars, particularly after undergoing cosmetic surgery. Consequently, Taping has been suggested as a method to reduce scar tension. Purpose: The aim of this study was to determine the effect of microporous taping on post-surgical hypertrophic scars. Subjects and Methods: Forty-Four patients (19 males and 25 females) with post- surgical hypertrophic scars were selected from Aga Hospital and randomly distributed into two equal groups. Their ages varied from 20 to 45 years. Group A (Microporous tape group) received Microporous tape in addition to traditional physiotherapy (deep friction massage and stretching exercises). Group B (Control group) received traditional physiotherapy (deep friction massage and stretching exercises). The treatment was administrated for eight weeks. Outcome measures: They were assessed with Vancouver Scar scale and A Schiotz tonometer for scar characteristics. Assessments were performed at baseline and after eight weeks of the treatment. Results: The results from this study revealed that the addition of Microporous tape to conventional physiotherapy significantly improved scar outcomes, as evidenced by the significant reductions in the Vancouver Scar Scale Scores and improvements in scar pliability. Conclusions: Microporous tape approves to be an effective modality for improving scar characteristics in postsurgical patients.
520 3 _aالخلفية: تتشكل الأنسجة الندبية خلال عملية الشفاء بعد الإصابة أو الجراحة، عندما يحل النسيج الليفي محل الجلد الطبيعي. قد يعاني المرضى من عدم الرضا بسبب الندبات غير الطبيعية، خاصة بعد الخضوع لجراحة تجميلية. ونتيجة لذلك، تم اقتراح استخدام الشريط اللاصق كطريقة لتقليل شد الندبة. الهدف: هدفت هذه الدراسة إلى تحديد تأثير الشريط اللاصق ذي المسام الدقيقة على الندبات الضخامية بعد الجراحة. المرضى والأساليب: تم ​​اختيار أربعة وأربعين مريضًا (19 ذكرًا و25 أنثى) يعانون من ندبات ضخامية بعد الجراحة من مستشفى آغا، وتم توزيعهم عشوائيًا إلى مجموعتين متساويتين. تراوحت أعمارهم بين 20 و45 عامًا. تلقت المجموعة أ (مجموعة الشريط اللاصق ذي المسام الدقيقة) شريطًا لاصقًا ذي مسام دقيقة بالإضافة إلى العلاج الطبيعي التقليدي (التدليك العميق وتمارين التمدد). تلقت المجموعة ب (المجموعة الضابطة) علاجًا طبيعيًا تقليديًا (تدليك عميق بالاحتكاك وتمارين تمدد). استمر العلاج لمدة ثمانية أسابيع. مقاييس النتائج: تم تقييمها باستخدام مقياس فانكوفر للندبات ومقياس توتر الجلد شيوتز لخصائص الندبات. أُجريت التقييمات عند خط الأساس وبعد ثمانية أسابيع من العلاج. النتائج: كشفت نتائج هذه الدراسة أن إضافة الشريط الميكروبوروسي إلى العلاج الطبيعي التقليدي حسّنت بشكل ملحوظ نتائج الندبات، كما يتضح من الانخفاضات الكبيرة في درجات مقياس فانكوفر للندبات والتحسن في مرونة الندبات. الاستنتاجات: يُعد الشريط الميكروبوروسي وسيلة فعالة لتحسين خصائص الندبات لدى المرضى بعد العمليات الجراحية.
530 _aIssues also as CD.
546 _aText in English and abstract in Arabic & English.
650 0 _aPhysical Therapy
650 0 _aالعلاج الطبيعى
653 1 _aMicroporous tape
_aPost-Surgical hypertrophic scar
_aSchiotz tonometer
_aVancouver Scar Scale
_aلاصق ميكروبى المسام
_aمقياس فانكوفر المعـدل للنـدبات
700 0 _aMohamed Mahmoud Khalaf
_ethesis advisor.
700 0 _aShadi Awny Hasan
_ethesis advisor.
700 0 _aKarim Ibrahim Saafan
_ethesis advisor.
900 _b01-01-2025
_cMohamed Mahmoud Khalaf
_cShadi Awny Hasan
_cKarim Ibrahim Saafan
_UCairo University
_FFaculty of Physical Therapy
_DDepartment of Physical Therapy for Surgery
905 _aShimaa
_eEman Ghareb
942 _2ddc
_cTH
_e21
_n0
999 _c179073